Statystyki dla 10 największych miast w Turcji

Kliknij tutaj aby rozwiązać quiz!

Ogólne statystyki

  • Ten quiz został rozwiązany 99 razy
  • Średni wynik to 5 z 10

Statystyki odpowiedzi

Liczba mieszkańcówNazwa miasta% Poprawnych
14 025 646Stambuł
99%
4 587 558Ankara
98%
2 847 691Izmir
74%
1 068 099Antalya
70%
1 800 278Bursa
55%
1 174 536Konya
48%
1 663 485Adana
39%
1 510 270Gaziantep
37%
915 703Mersin
18%
930 266Diyarbakir
11%

Rozkład punktacji

Percentyl według liczby udzielonych odpowiedzi

Procent ludzi z każdym wynikiem

Twoja historia wyników

Nie rozwiązałeś tego quizu